000 00466nam a22001697a 4500
003 BD-ChCU
005 20251116123059.0
008 251116b bg ||||| |||| 00| 0 ben d
040 _cBD-ChCU
082 _a536.7 SPI
100 _aSpanner , D.C.
_916211
245 _aIntroduction to thermodynamics ./
_cD.C. Spanner.
260 _aNew York :
_bAcademic press ,
_cC 1964
300 _axii , 278p
650 0 _aThermodynamics. Botany.
_916212
942 _2ddc
_cBK
_n0
999 _c109476
_d109476